00414nam a2200121Ia 4500008004100000020005500041040000800096082001800104100002400122245011800146260000900264264001900273231129s2002||||xx |||||||||||||| ||spa|| a84-95787-15-6  bspa a658.406 D834m aDuck Jeanie Daniel 0aEl monstruo del cambio: el factor humano como elemento decisivo para estimular o frustrar el cambio en la empresa c2002 aEmpresa Activa